Trabalho compulsório e trabalho livre na história do Brasil
Zapisane w:
| Główni autorzy: | , , |
|---|---|
| Format: | Książka |
| Język: | portugalski |
| Wydane: |
Sao Paulo
UNESP
2004
|
| Seria: | Sociedade, Espaco e tempo. Colecao Paradidáticos
|
| Hasła przedmiotowe: | |
| Etykiety: |
Dodaj etykietę
Nie ma etykietki, Dołącz pierwszą etykiete!
|
MARC
| LEADER | 00000nam a2200000 a 4500 | ||
|---|---|---|---|
| 001 | UCH0472 | ||
| 003 | CL-VaPUC | ||
| 008 | 090312e20040000BL |||||||||||||||||por|d | ||
| 020 | |a 9788571398481 | ||
| 082 | 0 | 4 | |a 331.0981 |b LEW |2 21 |
| 100 | 0 | |a Lewkowicz, Ida |e author |9 534647 | |
| 700 | |a Gutiérrez, Horacio |e author |9 574800 | ||
| 700 | 0 | |a Florentino, Manolo |e author |9 534649 | |
| 245 | 1 | 0 | |a Trabalho compulsório e trabalho livre na história do Brasil |
| 300 | |a 137 p | ||
| 942 | |c BK | ||
| 945 | |d 20090312 00:00:00 |a rbrito | ||
| 260 | |a Sao Paulo |b UNESP |c 2004 | ||
| 650 | 0 | |a Trabajo |9 313876 | |
| 650 | 0 | |a Trabajadores |9 260887 | |
| 650 | 0 | |a Esclavos |9 258558 | |
| 650 | 7 | |a HISTORIA DEL BRASIL |2 CL-VaPUC |9 534650 | |
| 651 | 0 | |a Brasil |9 267393 | |
| 583 | |a last modification |c 20130105 02:17:11 |k Rodrigo Vera | ||
| 490 | 0 | |a Sociedade, Espaco e tempo. Colecao Paradidáticos | |
| 999 | |c 332771 |d 332769 | ||
| 952 | |0 0 |1 0 |4 0 |6 331_098100000000000_LEW_2004 |7 0 |8 A |9 420692 |a BIBHIS |b BIBHIS |d 2019-11-22 |i 4514505 |o 331.0981 LEW 2004 |p 4514505 |r 2025-01-20 |w 2019-11-22 |y BK |k HIS | ||